[Event "22nd ECU Club Cup"]
[Site "Feugen AUT"]
[Date "2006.10.13"]
[Round "6"]
[White "Votava,J"]
[Black "Khalifman,A"]
[Result "1/2-1/2"]
[WhiteElo "2531"]
[BlackElo "2622"]

1.d4 Nf6 2.Nf3 g6 3.g3 Bg7 4.Bg2 O-O 5.O-O d6 6.c4 Nc6 7.Nc3 a6 8.Qd3 Bd7
9.d5 Nb4 10.Qd1 a5 11.Be3 e5 12.dxe6 Bxe6 13.a3 Nc6 14.c5 d5 15.Nd4 Nxd4
16.Bxd4 c6  1/2-1/2

[Event "Aeroflot Open"]
[Site "Moscow RUS"]
[Date "2007.02.14"]
[Round "1"]
[White "Gareev,T"]
[Black "Khalifman,A"]
[Result "1/2-1/2"]
[WhiteElo "2551"]
[BlackElo "2619"]

1.d4 d5 2.c4 c6 3.Nf3 Nf6 4.Nc3 a6 5.Bf4 dxc4 6.a4 Nd5 7.e3 Nxf4 8.exf4 Be6
9.Ne5 g6 10.Bxc4 Bxc4 11.Nxc4 Bg7 12.Qb3 O-O 13.Rd1 Qc7 14.Ne5 Nd7 15.O-O Nf6
16.Rd3 e6 17.g3 Rfd8 18.Rfd1 a5 19.h4 Qe7 20.Qc2 Qb4 21.Na2 Qe7 22.Nc3 Qb4
23.Na2 Qe7 24.Nc3  1/2-1/2

[Event "Aeroflot Open"]
[Site "Moscow RUS"]
[Date "2007.02.15"]
[Round "2"]
[White "Khalifman,A"]
[Black "Kuzubov,Y"]
[Result "1-0"]
[WhiteElo "2619"]
[BlackElo "2554"]

1.d4 Nf6 2.c4 e6 3.Nc3 Bb4 4.Qc2 d5 5.a3 Bxc3+ 6.Qxc3 Ne4 7.Qc2 Nc6 8.e3 e5
9.f3 Nf6 10.dxe5 Nxe5 11.cxd5 Qxd5 12.e4 Qe6 13.Ne2 c5 14.Nf4 Qe7 15.Be3 b6
16.Be2 O-O 17.O-O Bb7 18.Rad1 Rad8 19.Rxd8 Rxd8 20.Rd1 Rxd1+ 21.Qxd1 h6 22.Bf1 Qc7
23.Qc1 Ne8 24.Qc3 a5 25.Nd3 Nxd3 26.Bxd3 Qd6 27.Bc4 Nc7 28.Qd2 Qxd2 29.Bxd2 Ba6
30.Bf4 Bxc4 31.Bxc7 b5 32.Bxa5 Be6 33.Bb6 c4 34.g4 g6 35.Be3 Kg7 36.Bd4+ Kf8
37.Bf6 h5 38.gxh5 gxh5 39.Kg2 Kg8 40.Kg3 Kh7 41.Kf4 Bh3 42.Ke5 Bg2 43.f4 Kg8
44.Be7 Bf3 45.f5 Kg7 46.h4 Bg2 47.Kd5 f6 48.Bb4 Kf7 49.Bd2 Bf3 50.Kc5 Bxe4
51.Kxb5 Bd3 52.Bc3 Ke7 53.Kc5 Be2 54.Kd4 Bf1 55.a4 Kd7 56.Ke3 Bd3 57.Kf4  1-0

[Event "Aeroflot Open"]
[Site "Moscow RUS"]
[Date "2007.02.17"]
[Round "4"]
[White "Khalifman,A"]
[Black "Maslak,K"]
[Result "1-0"]
[WhiteElo "2619"]
[BlackElo "2539"]

1.d4 Nf6 2.c4 g6 3.Nc3 Bg7 4.e4 O-O 5.Nf3 d6 6.h3 c5 7.d5 e6 8.Bd3 exd5 9.cxd5 Re8
10.O-O c4 11.Bxc4 Nxe4 12.Nxe4 Rxe4 13.Bg5 Bf6 14.Bd3 Re8 15.Qa4 Nd7 16.Qh4 Bxg5
17.Nxg5 Nf8 18.Rae1 Rxe1 19.Rxe1 Bd7 20.Qf4 f5 21.Ne6 Nxe6 22.dxe6 Qe7 23.Bxf5 gxf5
24.Qg3+ Kf8 25.Qc3 Kg8 26.Qg3+ Kf8 27.Qc3 Kg8 28.exd7 Qxd7 29.Re3 f4 30.Qc4+ Qf7
31.Qxf7+ Kxf7 32.Re4 Rc8 33.Rxf4+ Ke6 34.Re4+ Kd5 35.Re2 Kd4 36.Rd2+ Ke5
37.Kf1 d5 38.Ke2 d4 39.Kd3 Kd5 40.f4 Rf8 41.Rf2 h5 42.f5 Ke5 43.f6 Kd5  1-0

[Event "Aeroflot Open"]
[Site "Moscow RUS"]
[Date "2007.02.21"]
[Round "8"]
[White "Khalifman,A"]
[Black "Efimenko,Z"]
[Result "1/2-1/2"]
[WhiteElo "2619"]
[BlackElo "2616"]

1.d4 Nf6 2.c4 e6 3.g3 d5 4.Bg2 Bb4+ 5.Bd2 Be7 6.Nf3 O-O 7.O-O c6 8.Bf4 b6
9.Qc2 Ba6 10.Nbd2 Nbd7 11.Rfd1 Rc8 12.Rac1 Nh5 13.Be3 Nhf6 14.Bf4 Nh5 15.Be3 Nhf6
16.Bg5 h6 17.Bxf6 Nxf6 18.e4 Bb7 19.c5 Nd7 20.b4 a5 21.a3 Ra8 22.Re1  1/2-1/2

[Event "8th ch-Euro"]
[Site "Dresden GER"]
[Date "2007.04.07"]
[Round "5"]
[White "Hillarp Persson,T"]
[Black "Khalifman,A"]
[Result "1/2-1/2"]
[WhiteElo "2557"]
[BlackElo "2619"]

1.d4 d5 2.c4 c6 3.Nf3 Nf6 4.Nc3 a6 5.a4 e6 6.Bg5 Nbd7 7.Qb3 h6 8.Bxf6 Nxf6
9.a5 c5 10.e3 cxd4 11.exd4 dxc4 12.Bxc4 Bd6 13.O-O O-O 14.Rfe1 Rb8 15.Ne5 b5
16.axb6 Rxb6 17.Qc2 Bc7  1/2-1/2

[Event "8th ch-Euro"]
[Site "Dresden GER"]
[Date "2007.04.08"]
[Round "6"]
[White "Khalifman,A"]
[Black "Cao Sang"]
[Result "1-0"]
[WhiteElo "2619"]
[BlackElo "2488"]

1.d4 Nf6 2.Nf3 e6 3.c4 b6 4.g3 Bb7 5.Bg2 Be7 6.Nc3 O-O 7.Qc2 Na6 8.O-O c5
9.d5 exd5 10.Nh4 Re8 11.cxd5 d6 12.Rd1 Nc7 13.a3 Bf8 14.b4 Ba6 15.Nf5 Rc8
16.bxc5 bxc5 17.Rb1 Rb8 18.Rxb8 Qxb8 19.Bg5 Nd7 20.Ne4 Re5 21.Rb1 Qa8 22.g4 Bb7
23.Bf4 Bxd5 24.Bxe5 Nxe5 25.Nfxd6 Ne6 26.Qb2 Nd7 27.Qb5 Bc6 28.Nc3 Nd4 29.Bxc6 Nxb5
30.Bxa8 Nxc3 31.Rb7 Nb6 32.Rb8 Nxe2+ 33.Kf1 Nd4 34.Nc8 Nxc8 35.Rxc8 g5 36.Bd5 Nb5
37.a4 Nc3 38.Bb3 Ne4 39.Ke2 a5 40.f3 c4 41.fxe4 cxb3 42.Rb8 h6  1-0

[Event "8th ch-Euro"]
[Site "Dresden GER"]
[Date "2007.04.11"]
[Round "8"]
[White "Khalifman,A"]
[Black "Arutinian,D"]
[Result "1/2-1/2"]
[WhiteElo "2624"]
[BlackElo "2544"]

1.d4 Nf6 2.c4 e6 3.g3 d5 4.Bg2 Bb4+ 5.Bd2 Be7 6.Nf3 O-O 7.O-O c6 8.Bf4 b6
9.Nc3 Ba6 10.cxd5 cxd5 11.Rc1 Bb7 12.Ne5 Nbd7 13.Nd3 Ne8 14.Qb3 Nd6 15.Rfd1 a6
16.Bxd6 Bxd6 17.e4 dxe4 18.Bxe4 Qb8 19.Bxb7 Qxb7 20.d5 exd5 21.Qxd5 Qxd5
22.Nxd5 Rfc8 23.Rxc8+ Rxc8 24.N3b4 Bf8 25.Nxa6 Nf6 26.Nxf6+ gxf6 27.Rd2 Ra8
28.Nc7 Rxa2 29.Nd5 Ba3 30.Nxf6+ Kg7 31.Nd5 Rxb2 32.Rxb2 Bxb2 33.Nxb6 Kf6
34.Kg2 Bd4 35.Nc4 Kg6 36.Kf3 Ba7 37.Ne5+ Kf6 38.Ke4 Ke6 39.Nd3 f5+ 40.Kf3 Kf6
41.Nf4 Bb8 42.h3 Ba7 43.Nd5+ Ke6 44.Ne3 Ke5 45.Ng2 Kf6 46.Ke2 Kg6 47.Ne3 Kf6
48.Kd3 Ke6 49.Ke2 Kf6 50.Kf3 Ke5 51.Ng2 Kf6 52.Nf4 Kf7 53.h4 Kf6 54.Nh3 Kg6
55.g4 fxg4+ 56.Kxg4 h5+ 57.Kf4 Bb6 58.Ke5 Bd8 59.Nf4+ Kf7 60.Ng2 Be7 61.Kf5 Bd8
62.f3 Be7 63.Kf4 Kg6 64.Kg3 Bd6+ 65.f4 Bb4 66.Kf2 Be7 67.Kf3 Bd8 68.Ke4  1/2-1/2

[Event "8th ch-Euro"]
[Site "Dresden GER"]
[Date "2007.04.12"]
[Round "9"]
[White "Lopez Martinez,J"]
[Black "Khalifman,A"]
[Result "0-1"]
[WhiteElo "2563"]
[BlackElo "2624"]

1.e4 c5 2.Nf3 Nc6 3.d4 cxd4 4.Nxd4 Nf6 5.Nc3 e5 6.Ndb5 d6 7.Bg5 a6 8.Na3 b5
9.Bxf6 gxf6 10.Nd5 f5 11.Bd3 Be6 12.Qh5 Rg8 13.c3 h6 14.g3 fxe4 15.Bxe4 Bg4
16.Qh4 Qxh4 17.gxh4 O-O-O 18.Nf6 d5 19.Bg2 Bxa3 20.bxa3 Be6 21.Nxg8 Rxg8
22.Rg1 Kc7 23.O-O-O Kd6 24.Bf3 Rc8 25.Kb2 Na5 26.Rg7 Nc4+ 27.Ka1 Nxa3 28.Bh5 Rxc3
29.Bxf7 Rc7 30.Bxe6 Rxg7 31.Bxd5 Nc2+ 32.Kb1 Nd4 33.Bb3 Rg2 34.h3 Rxf2 35.Rg1 Nxb3
36.axb3 Kc5 37.Rg6 a5 38.Rxh6 Kb4 39.Rb6 Rf3 40.Kc2 Rc3+  0-1

[Event "8th ch-Euro"]
[Site "Dresden GER"]
[Date "2007.04.13"]
[Round "10"]
[White "Khalifman,A"]
[Black "Nevednichy,V"]
[Result "1/2-1/2"]
[WhiteElo "2624"]
[BlackElo "2528"]

1.d4 g6 2.e4 Bg7 3.c4 d6 4.Nc3 Nf6 5.Be2 O-O 6.Nf3 c5 7.O-O Nc6 8.d5 Na5
9.Bd2 e5 10.a3 b6 11.b4 Nb7 12.Rb1 Bd7 13.Re1 Kh8 14.Bg5 Qc7 15.Bd3 Ng8 16.Nb5  1/2-1/2

[Event "TCh-RUS"]
[Site "Sochi RUS"]
[Date "2007.05.03"]
[Round "2"]
[White "Khalifman,A"]
[Black "Yakovich,Yur"]
[Result "1/2-1/2"]
[WhiteElo "2624"]
[BlackElo "2600"]

1.d4 d5 2.c4 dxc4 3.Nf3 a6 4.e3 e6 5.Bxc4 c5 6.O-O Nf6 7.b3 cxd4 8.Qxd4 Qxd4
9.Nxd4 Bd7 10.Bb2 Nc6 11.Nf3 Be7 12.Nbd2 O-O 13.Be2 Rfd8 14.Rfc1  1/2-1/2

[Event "TCh-RUS"]
[Site "Sochi RUS"]
[Date "2007.05.05"]
[Round "4"]
[White "Khalifman,A"]
[Black "Landa,K"]
[Result "1/2-1/2"]
[WhiteElo "2624"]
[BlackElo "2608"]

1.d4 Nf6 2.c4 e6 3.Nf3 d5 4.g3 dxc4 5.Bg2 Nc6 6.Qa4 Nd5 7.Qxc4 Nb6 8.Qb5 a6
9.Qd3 e5 10.Nxe5 Nb4 11.Qc3 Qxd4 12.O-O Qxc3 13.Nxc3 Bd6 14.Nf3 O-O 15.Rd1 Rb8
16.Nd4 Bd7 17.a3 Nc6 18.Nxc6 Bxc6 19.Bxc6 bxc6 20.Rd2 Rfd8 21.Rc2 Be5 22.Bf4 Bxf4
23.gxf4 c5 24.Rd1 Rd6 25.Rxd6 cxd6 26.Ne4 Rd8 27.Rd2  1/2-1/2

[Event "TCh-RUS"]
[Site "Sochi RUS"]
[Date "2007.05.07"]
[Round "6"]
[White "Korchnoi,V"]
[Black "Khalifman,A"]
[Result "1/2-1/2"]
[WhiteElo "2623"]
[BlackElo "2624"]

1.d4 Nf6 2.c4 e6 3.Nc3 Bb4 4.e3 O-O 5.Ne2 d5 6.a3 Be7 7.Nf4 c6 8.Bd3 dxc4
9.Bxc4 Nbd7 10.Qc2 e5 11.Nfe2 exd4 12.Nxd4 Ne5 13.Be2 Bc5 14.b4 Bb6 15.Nf5 g6
16.Ng3 h5 17.Bb2 h4 18.Nce4 hxg3 19.hxg3 Bc7 20.Rd1 Qe7 21.Qc5 Qxc5 22.Nxf6+ Kg7
23.bxc5 Kxf6 24.f4 Be6 25.fxe5+ Ke7 26.Kf2 Rad8 27.Bd4 Rh8 28.Rhf1 b5 29.Kg1 Rh6
30.Bc3 Rxd1 31.Rxd1 a6 32.Bf3 Bd5 33.Bxd5 cxd5 34.Rxd5 Ke6 35.e4 Rh8 36.g4 Rd8
37.Rxd8 Bxd8 38.c6 Be7 39.a4 bxa4 40.Kf2 a3 41.Ke2 a2 42.Kd3 Bb4 43.Bd4 Bc5
44.Bc3 Bb4 45.Bd4 Bc5  1/2-1/2

[Event "TCh-RUS"]
[Site "Sochi RUS"]
[Date "2007.05.08"]
[Round "7"]
[White "Khalifman,A"]
[Black "Malakhov,V"]
[Result "1/2-1/2"]
[WhiteElo "2624"]
[BlackElo "2679"]

1.d4 d5 2.c4 c6 3.Nc3 Nf6 4.Nf3 a6 5.c5 Nbd7 6.Bf4 Nh5 7.Bd2 Nhf6 8.Bf4 Nh5
9.Qd2 Nxf4 10.Qxf4 Nf6 11.Ne5 g6 12.g4 Be6 13.h4 Qb8 14.Bh3 Bg7 15.Qe3 Ne4
16.f4  1/2-1/2

[Event "TCh-RUS"]
[Site "Sochi RUS"]
[Date "2007.05.10"]
[Round "9"]
[White "Khalifman,A"]
[Black "Khairullin,I"]
[Result "1/2-1/2"]
[WhiteElo "2624"]
[BlackElo "2586"]

1.d4 Nf6 2.c4 e6 3.Nf3 b6 4.g3 Ba6 5.Qc2 Bb7 6.Bg2 c5 7.d5 exd5 8.cxd5 Nxd5
9.O-O Be7 10.Rd1 Qc8 11.Qf5 Nf6 12.Nc3 O-O 13.Bg5 d5 14.Qxc8 Rxc8 15.Nh4 Nbd7
16.Nf5 Bf8 17.Nxd5 Nxd5 18.Bxd5 Bxd5 19.Rxd5  1/2-1/2

[Event "Nesis Rapid Cup"]
[Site "Kirishi RUS"]
[Date "2007.05.21"]
[Round "3"]
[White "Khalifman,A"]
[Black "Komarov,D"]
[Result "1/2-1/2"]
[WhiteElo "2624"]
[BlackElo "2539"]

1.e4 c5 2.Nf3 Nc6 3.Nc3 e5 4.Bc4 Be7 5.d3 d6 6.O-O Nf6 7.Ng5 O-O 8.f4 Bg4
9.Qe1 exf4 10.Bxf4 Nd4 11.Qd2 h6 12.Nf3 Nxf3+ 13.gxf3 Be6 14.Kh1 Kh7 15.Rg1 d5
16.Qg2  1/2-1/2

[Event "Nesis Rapid Cup"]
[Site "Kirishi RUS"]
[Date "2007.05.21"]
[Round "4"]
[White "Novik,M"]
[Black "Khalifman,A"]
[Result "1/2-1/2"]
[WhiteElo "2466"]
[BlackElo "2624"]

1.d4 d5 2.c4 c6 3.e3 Nf6 4.Nc3 e6 5.Qc2 Nbd7 6.Nf3 Bd6 7.Be2 O-O 8.b3 e5
9.O-O e4 10.Nd2 Re8 11.a4 Nf8 12.Ba3 Bxa3 13.Rxa3 Ng6 14.b4  1/2-1/2

[Event "Nesis Rapid Cup"]
[Site "Kirishi RUS"]
[Date "2007.05.22"]
[Round "6"]
[White "Khalifman,A"]
[Black "Janovsky,S"]
[Result "1/2-1/2"]
[WhiteElo "2624"]
[BlackElo "2496"]

1.e4 e6 2.d4 d5 3.Nc3 Nf6 4.Bg5 Bb4 5.e5 h6 6.Bc1 Ne4 7.Qg4 g5 8.a3 Bxc3+
9.bxc3 h5 10.Qf3 c5 11.Bd3 cxd4 12.Bxe4 g4 13.Qd1 dxe4 14.cxd4 Qa5+ 15.Bd2 Qd5
16.Ne2 e3 17.Bxe3 Qxg2 18.Rg1 Qc6 19.c4 Nd7 20.Rc1 Nb6 21.Qd3 Bd7 22.Ng3 O-O-O
23.Bg5 Rdf8 24.Ne4 Kb8 25.Be7  1/2-1/2

[Event "Nesis Rapid Cup"]
[Site "Kirishi RUS"]
[Date "2007.05.22"]
[Round "7"]
[White "Khalifman,A"]
[Black "Alekseev,Evgeny"]
[Result "1/2-1/2"]
[WhiteElo "2624"]
[BlackElo "2679"]

1.d4 Nf6 2.c4 e6 3.Nf3 c5 4.d5 b5 5.Bg5 exd5 6.cxd5 d6 7.e3 a6 8.a4 b4 9.Nbd2 Be7
10.Nc4 a5  1/2-1/2

[Event "Nesis Rapid Cup"]
[Site "Kirishi RUS"]
[Date "2007.05.22"]
[Round "8"]
[White "Komarov,D"]
[Black "Khalifman,A"]
[Result "1/2-1/2"]
[WhiteElo "2539"]
[BlackElo "2624"]

1.d4 Nf6 2.c4 e6 3.Nf3 d5 4.Nc3 Be7 5.Bg5 h6 6.Bh4 O-O 7.e3 Ne4 8.Bxe7 Qxe7
9.Qc2 Nxc3 10.Qxc3 c6 11.Bd3 dxc4 12.Bxc4 b6 13.O-O Bb7 14.Be2  1/2-1/2

[Event "Nesis Rapid Cup"]
[Site "Kirishi RUS"]
[Date "2007.05.22"]
[Round "10"]
[White "Sakaev,K"]
[Black "Khalifman,A"]
[Result "1/2-1/2"]
[WhiteElo "2633"]
[BlackElo "2624"]

1.d4 Nf6 2.c4 e6 3.Nf3 d5 4.Nc3 Be7 5.Bg5 h6 6.Bh4 O-O 7.e3 Ne4 8.Bxe7 Qxe7
9.Qc2 Nxc3 10.Qxc3 dxc4 11.Bxc4 b6 12.O-O Bb7 13.Be2  1/2-1/2

[Event "King's Tournament"]
[Site "Bazna ROM"]
[Date "2007.06.20"]
[Round "5"]
[White "Khalifman,A"]
[Black "Ribli,Z"]
[Result "1/2-1/2"]
[WhiteElo "2624"]
[BlackElo "2580"]

1.d4 d5 2.c4 c6 3.Nf3 Nf6 4.Qc2 e6 5.Bg5 h6 6.Bh4 dxc4 7.Qxc4 b5 8.Qc2 Bb7
9.e3 Nbd7 10.Nbd2 Rc8 11.a3 Be7 12.Bxf6 Nxf6 13.e4 Qb6 14.b4  1/2-1/2

[Event "King's Tournament"]
[Site "Bazna ROM"]
[Date "2007.06.23"]
[Round "8"]
[White "Andersson,U"]
[Black "Khalifman,A"]
[Result "1/2-1/2"]
[WhiteElo "2528"]
[BlackElo "2624"]

1.Nf3 Nf6 2.c4 c6 3.d4 d5 4.cxd5 cxd5 5.Nc3 Nc6 6.Bf4 Bf5 7.e3 e6 8.Bd3 Bxd3
9.Qxd3 Bd6 10.Bxd6 Qxd6 11.O-O O-O 12.Rac1 Rac8 13.h3 h6  1/2-1/2

[Event "King's Tournament"]
[Site "Bazna ROM"]
[Date "2007.06.24"]
[Round "9"]
[White "Khalifman,A"]
[Black "Sokolov,And1"]
[Result "1/2-1/2"]
[WhiteElo "2624"]
[BlackElo "2584"]

1.d4 Nf6 2.c4 e6 3.Nf3 b6 4.g3 Ba6 5.b3 Bb4+ 6.Bd2 Be7 7.Bg2 c6 8.Bc3 d5
9.Ne5 Nfd7 10.Nxd7 Nxd7 11.Nd2 O-O 12.O-O f5 13.Rc1 Bd6 14.Bb2 Qe7 15.Nf3 Rac8
16.Rc2 Nf6 17.Ne5  1/2-1/2

[Event "NH Chess Tournament"]
[Site "Amsterdam NED"]
[Date "2007.08.22"]
[Round "1"]
[White "Khalifman,A"]
[Black "Stellwagen,D"]
[Result "1/2-1/2"]
[WhiteElo "2632"]
[BlackElo "2631"]

1.d4 d5 2.Nf3 Nf6 3.c4 c6 4.e3 e6 5.Bd3 Nbd7 6.O-O Bd6 7.Nc3 O-O 8.e4 dxc4
9.Bxc4 e5 10.Bg5 Qe7 11.d5 Rd8 12.dxc6 bxc6 13.Nh4 Nb6 14.Bb3 g6 15.Qc1 Be6
16.Bxe6 Qxe6 17.Nf3 Bb4 18.Qc2 Kg7 19.a3 Be7 20.Rac1 Nh5 21.Bxe7 Qxe7 22.Ne2 Rd6
23.Rfd1 Rad8 24.Rxd6 Rxd6 25.h3 Nf6 26.b4 Nfd7 27.Qc3 c5 28.Qc2 cxb4 29.axb4 Nf8
30.Qc7  1/2-1/2

[Event "NH Chess Tournament"]
[Site "Amsterdam NED"]
[Date "2007.08.26"]
[Round "5"]
[White "Khalifman,A"]
[Black "Smeets,J"]
[Result "1/2-1/2"]
[WhiteElo "2632"]
[BlackElo "2538"]

1.e4 c5 2.Nf3 d6 3.c3 Nf6 4.Be2 Nbd7 5.d3 g6 6.O-O Bg7 7.Re1 O-O 8.Bf1 e5
9.d4 exd4 10.cxd4 cxd4 11.Nxd4 d5 12.e5 Ne4 13.f3 Nec5 14.f4 Ne4 15.Nc3 Ndc5
16.Be3 f6 17.Nf3 fxe5 18.Nxe5 Be6 19.g3 g5 20.Nxe4 Nxe4 21.Nd3 h6 22.Bg2  1/2-1/2

[Event "NH Chess Tournament"]
[Site "Amsterdam NED"]
[Date "2007.08.28"]
[Round "6"]
[White "Stellwagen,D"]
[Black "Khalifman,A"]
[Result "0-1"]
[WhiteElo "2631"]
[BlackElo "2632"]

1.e4 e5 2.Nf3 Nc6 3.Bb5 a6 4.Ba4 Nf6 5.O-O Be7 6.Re1 b5 7.Bb3 O-O 8.a4 b4
9.d3 d6 10.a5 Be6 11.Nbd2 Qc8 12.Nc4 Rb8 13.h3 h6 14.Be3 Re8 15.Nfd2 Bf8
16.Qf3 Kh7 17.Rad1 Qb7 18.Qg3 Nh5 19.Qh4 g6 20.f3 Bg7 21.Ba4 Rf8 22.c3 Na7
23.d4 bxc3 24.bxc3 exd4 25.Rb1 Bf6 26.Rxb7 Bxh4 27.Rxb8 Rxb8 28.Bxd4 Bxe1
29.Bxa7 Bxc4 30.Nxc4 Rb1 31.g4 Bxc3+ 32.Kf2 Rb4  0-1

[Event "NH Chess Tournament"]
[Site "Amsterdam NED"]
[Date "2007.08.30"]
[Round "8"]
[White "Karjakin,Sergey"]
[Black "Khalifman,A"]
[Result "1/2-1/2"]
[WhiteElo "2678"]
[BlackElo "2632"]

1.e4 c5 2.Nf3 Nc6 3.d4 cxd4 4.Nxd4 Nf6 5.Nc3 e5 6.Ndb5 d6 7.Bg5 a6 8.Na3 b5
9.Nd5 Be7 10.Bxf6 Bxf6 11.c3 O-O 12.Nc2 Bg5 13.a4 bxa4 14.Rxa4 a5 15.Bc4 Rb8
16.b3 Kh8 17.Nce3 Bxe3 18.Nxe3 Ne7 19.O-O f5 20.exf5 Bxf5 21.Nxf5 Rxf5 22.Bd3 Rf6
23.Bc2 Qb6 24.b4 axb4 25.Rxb4 Qc7 26.Qd3  1/2-1/2

[Event "NH Chess Tournament"]
[Site "Amsterdam NED"]
[Date "2007.09.01"]
[Round "10"]
[White "Smeets,J"]
[Black "Khalifman,A"]
[Result "1/2-1/2"]
[WhiteElo "2538"]
[BlackElo "2632"]

1.e4 e5 2.Nf3 Nc6 3.Bb5 a6 4.Ba4 Nf6 5.O-O Be7 6.Re1 b5 7.Bb3 O-O 8.c3 d5
9.exd5 Nxd5 10.Nxe5 Nxe5 11.Rxe5 c6 12.d3 Bd6 13.Re1 Bf5 14.Qf3 Qh4 15.g3 Qh3
16.Bxd5 cxd5 17.Qxd5 Rad8 18.Qg2 Qh5 19.Be3 Bxd3 20.Nd2 Bf5 21.Qc6 Bh3 22.Bd4 Bb8
23.Re3 Rd6 24.Qb7 Bd7 25.Qf3 Bg4 26.Qg2 Bh3 27.Qf3 Bg4 28.Qg2  1/2-1/2

[Event "IX EICC"]
[Site "Plovdiv BUL"]
[Date "2008.04.23"]
[Round "3"]
[White "Khalifman,A"]
[Black "Steingrimsson,H"]
[Result "1-0"]
[WhiteElo "2628"]
[BlackElo "2551"]

1.d4 d5 2.Nf3 Nf6 3.c4 dxc4 4.Qa4+ c6 5.Qxc4 Bf5 6.g3 Nbd7 7.Bg2 e6 8.O-O Be7
9.Nc3 O-O 10.Re1 Ne4 11.Qb3 Qb6 12.Nh4 Bxh4 13.gxh4 Nxc3 14.bxc3 Bg6 15.Bf4 Rfe8
16.Bg3 Nf6 17.e4 Nh5 18.Reb1 Nxg3 19.hxg3 Qxb3 20.axb3 a5 21.Rb2 b6 22.e5 Rac8
23.b4 axb4 24.Rxb4 b5 25.c4 Bd3 26.c5 Rc7 27.Ra6 Rec8 28.f4 h5 29.Kf2 Kf8
30.Ke3 Bc4 31.Rb1 Ke7 32.Rba1 g6 33.Rb6 Kd7 34.Raa6 Bb3 35.Kd2 Bc4 36.Kc3 Be2
37.Kb4 Bc4 38.Bf3 Bd3 39.Ra3 Bc4 40.Rba6 Bd5 41.Bxd5 exd5 42.Ra7 Rxa7 43.Rxa7+ Rc7
44.Ra8 Rc8 45.Ra7+ Rc7 46.Ra6 Rb7 47.Ra8 Ke7 48.Kb3 Kd7 49.f5 gxf5 50.Rh8 Ra7
51.Rxh5 Ra4 52.Rxf5 Rxd4 53.Rxf7+ Ke6 54.Rf6+ Kxe5 55.Rxc6 Rg4 56.h5 Rxg3+
57.Kb4 Ke4 58.Rg6 Rh3 59.h6 Rh1 60.c6 Rb1+ 61.Ka5 b4 62.c7 Rc1 63.h7  1-0

[Event "IX EICC"]
[Site "Plovdiv BUL"]
[Date "2008.04.24"]
[Round "4"]
[White "Erdos,V"]
[Black "Khalifman,A"]
[Result "1/2-1/2"]
[WhiteElo "2576"]
[BlackElo "2628"]

1.d4 d5 2.c4 e6 3.Nc3 Be7 4.Nf3 Nf6 5.Qc2 c5 6.cxd5 cxd4 7.Nxd4 O-O 8.Bg5 h6
9.Bh4 Nxd5 10.Bxe7 Nxe7 11.Rd1 Qb6 12.Qb3 Qxb3 13.Nxb3  1/2-1/2

[Event "IX EICC"]
[Site "Plovdiv BUL"]
[Date "2008.04.25"]
[Round "5"]
[White "Khalifman,A"]
[Black "Buhmann,R"]
[Result "1-0"]
[WhiteElo "2628"]
[BlackElo "2569"]

1.d4 d5 2.c4 c6 3.Nf3 Nf6 4.Nc3 e6 5.Bg5 dxc4 6.e4 b5 7.e5 h6 8.Bh4 g5 9.Nxg5 hxg5
10.Bxg5 Nbd7 11.g3 Bb7 12.Bg2 Qb6 13.exf6 O-O-O 14.O-O Bh6 15.Ne4 c5 16.Bxh6 Rxh6
17.Qd2 Rh5 18.Qf4 Bxe4 19.dxc5 Nxc5 20.Bxe4 Rd4 21.Qf3 Re5 22.Bh7 Qb7 23.Qxb7+ Kxb7
24.Rfd1 Red5 25.Rxd4 Rxd4 26.Bg8 Rd7 27.Re1 Nd3 28.Re2 b4 29.h4 c3 30.bxc3 bxc3
31.h5 Ne1 32.h6 Rd1 33.h7 Nf3+ 34.Kg2 Ne1+ 35.Kh3 c2 36.Rxc2 Nxc2 37.Kh2  1-0

[Event "IX EICC"]
[Site "Plovdiv BUL"]
[Date "2008.05.02"]
[Round "11"]
[White "Khalifman,A"]
[Black "Vajda,L"]
[Result "1/2-1/2"]
[WhiteElo "2628"]
[BlackElo "2582"]

1.Nf3 Nf6 2.c4 e6 3.g3 c5 4.Bg2 Nc6 5.O-O d5 6.cxd5 Nxd5 7.d4 Nb6 8.dxc5 Qxd1
9.Rxd1 Bxc5 10.Nc3 O-O 11.Bf4 f6 12.Ne4 Be7 13.Bd6 Kf7 14.Bc5 Rd8 15.Rxd8 Nxd8
16.Nd4 Bd7 17.Bxe7 Kxe7 18.Nc5 Rc8 19.b4 Rc7 20.f4 Nc4 21.Kf2 g6 22.Nxd7 Rxd7
23.Nb3 Nd6 24.Rc1 Nb5 25.Rc8 Rc7 26.Rxc7+ Nxc7 27.Ke3 Kd6 28.Kd3 Nc6 29.a3 Nb5
30.a4 Nc7 31.Kc4 b6 32.Bxc6 Kxc6 33.Nd4+ Kd7 34.Nb5 a6 35.Nc3 Ne8 36.e4 Kd6
37.b5 axb5+ 38.Nxb5+ Kd7 39.g4 h5 40.h3 hxg4 41.hxg4 e5 42.f5 gxf5 43.gxf5 Kc6
44.Na7+ Kc7 45.Nb5+ Kc6 46.Kb4 Nc7 47.Nc3 Na6+ 48.Kc4 Nc5 49.Kb4 Nd3+ 50.Kc4 Nc5  1/2-1/2

[Event "61st ch-RUS HL"]
[Site "Novokuznetsk RUS"]
[Date "2008.09.04"]
[Round "2"]
[White "Matlakov,M"]
[Black "Khalifman,A"]
[Result "1/2-1/2"]
[WhiteElo "2484"]
[BlackElo "2634"]

1.d4 Nf6 2.Nf3 g6 3.c4 Bg7 4.Nc3 d5 5.Bg5 Ne4 6.cxd5 Nxg5 7.Nxg5 e6 8.Nf3 exd5
9.e3 a5 10.Be2 O-O 11.O-O c6 12.Rc1 Bf5 13.Qb3 Ra7 14.Na4 Nd7 15.h3 Re8 16.Bd3 Bxd3
17.Qxd3 Bf8 18.Nc3 Bd6 19.e4 dxe4 20.Nxe4 Bf4 21.Rce1 Ra8 22.Qb3 Nb6 23.Nf6+ Qxf6
24.Rxe8+ Rxe8 25.Qxb6 a4 26.Qxb7 Rb8 27.Qa6 Rxb2 28.Qxa4 Qd6 29.Qc4 Rb4 30.Qc2 Qd5
31.Rb1 Rxb1+ 32.Qxb1 c5 33.dxc5 Qxc5 34.Qd1 Bc7 35.Qe1 Qc2 36.a3 Bd6 37.Ng5 Qf5
38.Nf3 Bxa3 39.Qe8+ Kg7  1/2-1/2

[Event "61st ch-RUS HL"]
[Site "Novokuznetsk RUS"]
[Date "2008.09.05"]
[Round "3"]
[White "Khalifman,A"]
[Black "Maletin,P"]
[Result "1/2-1/2"]
[WhiteElo "2634"]
[BlackElo "2545"]

1.d4 Nf6 2.c4 e6 3.Nf3 Bb4+ 4.Bd2 a5 5.Nc3 d5 6.Bg5 h6 7.Bxf6 Qxf6 8.a3 Bxc3+
9.bxc3 O-O 10.e3 c5 11.Be2 Nd7 12.O-O Qe7 13.Qb3 a4 14.Qb2 b6 15.cxd5 exd5
16.Rfd1 Ba6 17.Bxa6 Rxa6 18.Qb5 Ra5 19.Qc6 Qe6 20.Qxe6 fxe6 21.Rab1 Rc8 22.Ne5 Nxe5
23.dxe5 b5 24.f4 Kf7 25.Rd2 Ke7 26.Rdb2 Rb8 27.Kf2 Kd7 28.g4 Kc6 29.h4 Ra7
30.h5 Rab7 31.Ke2 Rf7 32.Kd3 Rbb7 33.Rg2 Kb6 34.g5 hxg5 35.Rxg5 Ka5 36.Rg6 Rfe7
37.h6 gxh6 38.Rg8 Rg7 39.Ra8+ Ra7 40.Re8 Rae7 41.Ra8+ Ra7  1/2-1/2

[Event "61st ch-RUS HL"]
[Site "Novokuznetsk RUS"]
[Date "2008.09.07"]
[Round "5"]
[White "Khalifman,A"]
[Black "Kabanov,N"]
[Result "1-0"]
[WhiteElo "2634"]
[BlackElo "2521"]

1.d4 d5 2.Nf3 Bf5 3.c4 e6 4.Nc3 c6 5.Qb3 Qc7 6.Bf4 dxc4 7.Bxc7 cxb3 8.e4 Bg6
9.axb3 Nf6 10.Nd2 Nbd7 11.f3 Be7 12.Nc4 O-O 13.Bd6 Bxd6 14.Nxd6 Rfb8 15.b4 a6
16.Kf2 Nb6 17.b3 Rd8 18.Nxb7 Rxd4 19.Rxa6 Rxb4 20.Rxa8+ Nxa8 21.Na5 Nb6 22.Be2 c5
23.Rd1 Rd4 24.Rxd4 cxd4 25.Na4 Nfd7 26.Nxb6 Nxb6 27.Nc6 Kf8 28.b4 f6 29.Nxd4 Ke7
30.Nc6+ Kd6 31.Na5 Kc7 32.Ke3 e5 33.Bc4 Be8 34.Kd3 Nc8 35.Kc3 Nd6 36.Nb3 g5
37.Nd2 h5 38.Nf1 f5 39.exf5 Nxf5 40.Bd3 Nd4 41.Nd2 h4 42.Bf1 Nf5 43.Nc4 Bb5
44.Kd2 Nd4 45.Ke3 Nc2+ 46.Ke4 Nxb4 47.Nd2 Bxf1 48.Nxf1 Kd6 49.Kf5 Nc2 50.h3 Kd5
51.Kxg5 e4 52.fxe4+ Kxe4 53.Kxh4 Kf4 54.g3+ Kf3 55.g4 Ne1 56.g5 Ng2+ 57.Kh5 Nf4+
58.Kh6 Kg2 59.h4 Kh3 60.h5  1-0

[Event "61st ch-RUS HL"]
[Site "Novokuznetsk RUS"]
[Date "2008.09.08"]
[Round "6"]
[White "Kryakvin,D"]
[Black "Khalifman,A"]
[Result "1/2-1/2"]
[WhiteElo "2565"]
[BlackElo "2634"]

1.e4 c5 2.Nf3 Nc6 3.d4 cxd4 4.Nxd4 Nf6 5.Nc3 e5 6.Ndb5 d6 7.Bg5 a6 8.Na3 b5
9.Nd5 Be7 10.Bxf6 Bxf6 11.c3 Bg5 12.Nc2 O-O 13.a4 bxa4 14.Rxa4 a5 15.Bb5 Ne7
16.Ncb4 Bd7 17.Nxe7+ Bxe7 18.Nc6 Qe8 19.Qd5 Be6 20.Qd3 Bd7 21.Qd5 Be6 22.Qd3 Bd7
23.Qd5  1/2-1/2

[Event "Open"]
[Site "Moscow RUS"]
[Date "2009.02.01"]
[Round "2"]
[White "Khalifman,A"]
[Black "Davydov,S1"]
[Result "1-0"]
[WhiteElo "2622"]
[BlackElo "2342"]

1.d4 Nf6 2.Nf3 e6 3.c4 d5 4.g3 c6 5.Bg2 Nbd7 6.O-O Be7 7.Qc2 O-O 8.Nbd2 c5
9.dxc5 Nxc5 10.Rd1 Qb6 11.b3 Ng4 12.e3 Bf6 13.Rb1 Na6 14.a3 Rd8 15.h3 Ne5
16.Nxe5 Bxe5 17.Nf3 Bf6 18.Bb2 Bxb2 19.Qxb2 h6 20.b4 dxc4 21.Ne5 Nb8 22.Nxc4 Rxd1+
23.Rxd1 Qc7 24.Qd4 Nd7 25.Na5 Nf8 26.Qc5 Qb6 27.Nc4 Qxc5 28.bxc5 Nd7 29.c6 f6  1-0

[Event "Open A"]
[Site "Moscow RUS"]
[Date "2009.02.02"]
[Round "3"]
[White "Gritsenko,An"]
[Black "Khalifman,A"]
[Result "1/2-1/2"]
[WhiteElo "2403"]
[BlackElo "2622"]

1.e4 c5 2.Nf3 Nc6 3.d4 cxd4 4.Nxd4 g6 5.Nc3 Bg7 6.Be3 Nf6 7.Bc4 O-O 8.Bb3 a5
9.O-O a4 10.Nxa4 Nxe4 11.Nb5 d5 12.f3 d4 13.Nxd4 Nxd4 14.fxe4 b5 15.Nc3 e6
16.a4 Nxb3 17.cxb3 b4 18.Nb5 Ba6 19.Qf3 Rc8 20.Rad1 Qe7 21.Rf2 Rfd8 22.Ra1  1/2-1/2

[Event "Open A"]
[Site "Moscow RUS"]
[Date "2009.02.03"]
[Round "4"]
[White "Khalifman,A"]
[Black "Geller,J"]
[Result "1/2-1/2"]
[WhiteElo "2622"]
[BlackElo "2523"]

1.c4 e6 2.Nf3 d5 3.d4 c6 4.g3 dxc4 5.Bg2 b5 6.O-O Bb7 7.a4 Nf6 8.Ne5 Qc8
9.b3 cxb3 10.Nd2 bxa4 11.Rxa4 c5 12.Bxb7 Qxb7 13.Nxb3 Nbd7 14.Nxd7 Qxd7 15.Nxc5 Bxc5
16.dxc5 O-O 17.Qc2 Rfc8 18.Rc4 Rc6 19.Bb2 Qe7 20.Ra1 e5 21.Qf5  1/2-1/2